|
|
|
|
| LEADER |
00000nam0a2200000 4500 |
| 001 |
252046 |
| 005 |
20231101232719.0 |
| 010 |
|
|
|a 5282006294
|
| 035 |
|
|
|a (RuTPU)RU\TPU\book\274363
|
| 090 |
|
|
|a 252046
|
| 100 |
|
|
|a 20140226d1989 k y0rusy50 ca
|
| 101 |
1 |
|
|a rus
|c eng
|
| 102 |
|
|
|a RU
|
| 105 |
|
|
|a a z 001zy
|
| 200 |
1 |
|
|a Управление научно-техническими нововведениями
|e пер. с англ.
|f Б. Твисс
|
| 210 |
|
|
|a Москва
|c Экономика
|d 1989
|
| 215 |
|
|
|a 271 с.
|c ил.
|
| 320 |
|
|
|a Библиография в конце глав.
|
| 606 |
1 |
|
|a Научные учреждения
|x Зарубежные страны
|2 stltpush
|3 (RuTPU)RU\TPU\subj\72580
|9 86029
|
| 606 |
1 |
|
|a Экономика
|x Капиталистические страны
|2 stltpush
|3 (RuTPU)RU\TPU\subj\26550
|9 50451
|
| 610 |
1 |
|
|a нововведения
|
| 610 |
1 |
|
|a научно-техническая продукция
|
| 610 |
1 |
|
|a научно-технический прогресс
|
| 610 |
1 |
|
|a управление
|
| 610 |
1 |
|
|a НИОКР
|
| 610 |
1 |
|
|a планирование
|
| 610 |
1 |
|
|a жизненный цикл
|
| 686 |
|
|
|a Ч214(4/8)
|v LBC/SL-A
|2 rubbk
|
| 686 |
|
|
|a У80
|v LBC/SL-A
|2 rubbk
|
| 700 |
|
1 |
|a Твисс
|b Б.
|g Брайан
|
| 801 |
|
1 |
|a RU
|b 63413507
|c 20140226
|
| 801 |
|
2 |
|a RU
|b 63413507
|c 20140314
|g RCR
|
| 942 |
|
|
|c BK
|